|
|
|
|
| LEADER |
00000cam a2200000 7i4500 |
| 001 |
0000021419 |
| 005 |
20080512.0 |
| 008 |
071205 |
| 020 |
|
|
|a 9679426459
|
| 040 |
|
|
|a INS
|
| 090 |
0 |
0 |
|a DS597.15.O58
|b A59 2005
|
| 100 |
1 |
|
|a Anwar Abdullah
|
| 245 |
1 |
0 |
|a Biografi Dato'Onn :
|b hidup melayu
|c Anwar Abdullah
|f kata pengantar oleh Tan Sri A.Samad Ismail
|
| 260 |
|
|
|a Bangi :
|b Universiti Kebangsaan Malaysia ,
|c 2005
|
| 300 |
|
|
|a 279ms. :
|b ill. ;
|c 23cm.
|
| 500 |
|
|
|a Mengandungi indeks
|
| 600 |
0 |
0 |
|a Onn Jaafer, Dato', 1895 - 1962
|
| 650 |
0 |
0 |
|a Politicians
|z Malaysia
|x Biography
|
| 651 |
|
0 |
|a Malaysia
|x Politics and government
|
| 700 |
0 |
|
|a A.Samad Ismail
|
| 999 |
|
|
|a 0000019901
|b BOOK
|c Open Shelf
|e Default branch
|